000 00564nam a2200205 a 4500
001 000026627
003 DO-SdBNP
005 20220615101042.0
007 ta
008 110324s1989 dr c 000 f spa d
040 _aDO-SdBNP
_bspa
_cBNPHU
049 _aBNPD
082 4 _bT231e, 1989
_222
100 1 _aTavarez, Frank
_953732
245 1 0 _aEncrucijada en la sombra :
_bel hombre que fue monja /
_cFrank Tavarez.
250 _a3a ed.
260 _aSanto Domingo :
_bPublicaciones América,
_c1989.
300 _a112 p. :
_bretr. ;
_c21 cm.
942 _2ddc
_cLBS1
999 _c26119
_d26119